Yagyu Ninja Scrolls 6 /

VENGEANCE! The Hori women have defeated three of the Aizu Seven Spears-so now Lord Akinari, their ultimate target, is on the defense. He's beaten a hasty retreat to his home, and the women have split into two groups in order to hunt him down. Will they finally take their revenge against the wic...

Full description

Bibliographic Details
Corporate Author: Library Pass, LLC
Other Authors: Segawa, Masaki (writer.)
Format: eBook
Language:English
Published: [United States] : Kodansha, 2021.
Subjects:
Online Access:Connect to this electronic book (First time users create your free account)

MARC

Tag First Indicator Second Indicator Subfields
LEADER 00000nmm a22000001a 4500
001 in00004620521
006 m|||||o||m||||||||
007 cr|cn |||uuuuu
008 221118s2021 xxu||||eo|||| ||||||eng d
005 20221207215932.7
035 |a (TxWaIVM)IV82303KoYa 
040 |a TxWaIVM  |c TxWaIVM 
245 0 0 |a Yagyu Ninja Scrolls 6 /  |c powered by Library Pass. 
260 3 |a [United States] :  |b Kodansha,  |c 2021. 
300 |a 1 online resource. 
336 |a text  |b txt  |2 rdacontent 
337 |a computer  |b c  |2 rdamedia 
338 |a online resource  |b cr  |2 rdacarrier 
520 |a VENGEANCE! The Hori women have defeated three of the Aizu Seven Spears-so now Lord Akinari, their ultimate target, is on the defense. He's beaten a hasty retreat to his home, and the women have split into two groups in order to hunt him down. Will they finally take their revenge against the wicked Akinari? 
521 |a 3 
538 |a Requires a valid library card and registration for new users. 
538 |a Mode of access: World Wide Web. 
538 |a System requirements: Flash 10.1 or higher, Windows XP and higher, Internet Explorer 7 and higher, Firefox 3.6 and higher, Google Chrome; Max OS 10.5 and higher, Safari 4 and higher. 
650 0 |a Comic books, strips, etc. 
655 7 |a Electronic books.  |2 local 
655 7 |a Comic books, strips, etc.  |2 gsafd 
650 0 |a Comic books, strips, etc. --History 
655 7 |a Comic books, strips, etc. --History  |2 gsafd 
650 0 |a Comic books, strips, etc. --Women 
655 7 |a Comic books, strips, etc. --Women  |2 gsafd 
650 0 |a Comic books, strips, etc. 
655 7 |a Comic books, strips, etc.  |2 gsafd 
650 0 |a Comic books, strips, etc. --Martial arts fiction 
655 7 |a Comic books, strips, etc. --Martial arts fiction  |2 gsafd 
650 0 |a Seinen 
655 7 |a Seinen  |2 gsafd 
650 0 |a Suspense comic books, strips, etc. 
655 7 |a Suspense comic books, strips, etc.  |2 gsafd 
700 1 |a Segawa, Masaki.  |e writer. 
700 1 |a Yamada, Futaro.  |e artist. 
710 2 |a Library Pass, LLC. 
856 4 0 |u http://proxy.library.tamu.edu/login?url=https://tamu.librarypass.com/product/com.iversecomics.kodansha.comics.yagyu.ninja.scrolls.6.english.06102021  |z Connect to this electronic book (First time users create your free account)  |t 0 
955 |a Comics Plus. 
999 f f |s 9474e531-b71a-40f1-8fb4-2aae85a365bb  |i 613b5b5f-1ef3-4d9e-ae3f-5fd0c8665b74  |t 0 
952 f f |a Texas A&M University  |b College Station  |c Electronic Resources  |d Available Online  |t 0  |h Library of Congress classification 
998 f f |t 0  |l Available Online